00449nam a2200169Ia 4500003000900000008004100009040001600050080001200066100002000078245007600098260004200174300001400216650001300230650001100243650001700254650000800271IN-BaIIA211028s9999 xx 000 0 eng d cIIA Library a52bGRU aGruson, Hermann 0aIm reiche des lichtesbsonnes, zodiak, ellichte kometencHermann Gruson aBraunschweigbGeorge Westermannc1895 axi, 263p. aArchives aComets aSolar system aSun